000 01889nam a2200253Ia 4500
999 _c51756
_d51756
001 18748
003 GE_BSU
005 20210413114146.0
008 181216s2015||||ge |||||||||||||| ||geo||
040 _cGE_BSU
041 _ageo
080 _a61 კ-67
100 _aკოკაია, ნორა
_911260
245 _aსაქართველოში ვისცერული ლეიშმანიოზის მოლეკულური ეპიდემიოლოგია და კლინიკური მიმდინარეობის თავისებურებები თანამედროვე ეტაპზე /
_cნორა კოკაია ; სამეცნ. ხელმძღვ. ზენაიშვილი ოთარ ; თბილისის სახ. სამედისინო უნ-ტი.
264 _aთბილისი :
_bთბილისის სახელმწ. სამედიცინო უნ-ტის გამ-ბა,
_c2015.
300 _a136 გვ.
_b30 სმ.
653 _aდისერტაცია
653 _aლეიშმანიოზის დაავადება საქართველოში
653 _aმედიცინა
653 _aსაქართველოში ვისცერული ლეიშმანიოზის მოლეკულური ეპიდემიოლოგია და კლინიკური მიმდინარეობის თავისებურებები თანამედროვე ეტაპზე
700 _aზენაიშვილი, ოთარ
_eსამეცნ. ხელმძღვანელი
_911261
710 _aთბილისის სახ. სამედისინო უნ-ტი
_911262
942 _cBK
_2udc